| 000 | 01071nam0a22002531 4500 | ||
|---|---|---|---|
| 001 | rc\4316814 | ||
| 005 | 20260407144511.0 | ||
| 021 |
_aRU _b[69-10926] |
||
| 035 | _a(NLR Aleph) 008510583 | ||
| 090 |
_a8166602 _c8166602 |
||
| 100 | _a20130416d1968 |||y0rusy50 ca | ||
| 101 | 0 | _arus | |
| 102 | _aRU | ||
| 105 | _aa z |||c| | ||
| 200 | 1 |
_aК 20-летию со дня организации. [1948-1968 _eОчерк] _fМЦМ СССР. Объединение "Северовостокзолото". Всесоюз. науч.-исслед. ин-т золота и редких металлов "ВНИИ-1" |
|
| 210 |
_aМагадан _cБ. и. _d1968 |
||
| 215 |
_a34 с. _cил. _d20 |
||
| 606 |
_aНаучно-исследовательские институты золота и редких металлов _yМагадан _2psbo |
||
| 710 | 0 | 2 |
_aВНИИ золота и редких металлов _cМагадан _3RU\NLR\AUTH\8810018900 _9535688 |
| 801 | 0 |
_aRU _bNLR _gpsbo |
|
| 801 | 1 |
_aRU _bELAR _2rusmarc |
|
| 852 |
_aNLR _j69-4/5733 |
||
| 942 | _cBOOK | ||
| 980 | _aNB | ||